00595nab a2200145uuc4500001000800000005001700008008004100025035001200066035002100078040001300099041000800112100003700120245014800157773014400305110245520240202090122.0080911s2008 spa  a1102455 a(OCoLC)820440157 ccomduadb aspa10aLain Beatove, Santiago4auteaut10aEvaluación de los enfoques euleriano y lagrangiano para modelar la fase dispersa en flujos turbulentos no uniformes cargados con partículas0 tIngeniería y Competitividad : Revista Científica y Tecnológica (Cali)gVol. 10, No. 01, Jun. 2008, p. 9-20w692219x0123-30330212632